000
00209 a2200097 4500
001
14279
100
_a
Gwynn, J.M
245
_a
Curriculum principls
260
_a
New York
_b
Macmillan
_c
090
_c
11189
_d
11189
942
_a
NUST-CAE
_c
M
_c
1324
999
_c
249352
_d
249352